<?xml version="1.0" encoding="UTF-8"?>
<record
    xmlns:xsi="http://www.w3.org/2001/XMLSchema-instance"
    xsi:schemaLocation="http://www.loc.gov/MARC21/slim http://www.loc.gov/standards/marcxml/schema/MARC21slim.xsd"
    xmlns="http://www.loc.gov/MARC21/slim">

  <leader>00806cam a2200277 a 4500</leader>
  <datafield tag="999" ind1=" " ind2=" ">
    <subfield code="c">5832</subfield>
    <subfield code="d">5832</subfield>
  </datafield>
  <controlfield tag="001">3749182</controlfield>
  <controlfield tag="003">GBCCL</controlfield>
  <controlfield tag="005">20241126110550.0</controlfield>
  <controlfield tag="008">830502r19791968ilu           000 0 eng d</controlfield>
  <datafield tag="010" ind1=" " ind2=" ">
    <subfield code="a">   72084420  </subfield>
  </datafield>
  <datafield tag="020" ind1=" " ind2=" ">
    <subfield code="a">0842358951</subfield>
  </datafield>
  <datafield tag="035" ind1=" " ind2=" ">
    <subfield code="a">(OCoLC)ocn685705440</subfield>
  </datafield>
  <datafield tag="035" ind1=" " ind2=" ">
    <subfield code="a">3749182</subfield>
  </datafield>
  <datafield tag="040" ind1=" " ind2=" ">
    <subfield code="a">TBI</subfield>
    <subfield code="c">TBI</subfield>
    <subfield code="d">YUS</subfield>
  </datafield>
  <datafield tag="049" ind1=" " ind2=" ">
    <subfield code="a">YUSS</subfield>
  </datafield>
  <datafield tag="082" ind1=" " ind2=" ">
    <subfield code="a">248.844</subfield>
    <subfield code="b">LAH</subfield>
  </datafield>
  <datafield tag="100" ind1="1" ind2=" ">
    <subfield code="a">LaHaye, Tim F.</subfield>
    <subfield code="9">1025</subfield>
  </datafield>
  <datafield tag="245" ind1="1" ind2="0">
    <subfield code="a">Six keys to a happy marriage:</subfield>
    <subfield code="b">A Tyndale Treasure /</subfield>
    <subfield code="c">Tim LaHaye.</subfield>
  </datafield>
  <datafield tag="260" ind1=" " ind2=" ">
    <subfield code="a">Illinois:</subfield>
    <subfield code="b">Tyndale House Publishers,</subfield>
    <subfield code="c">1968</subfield>
  </datafield>
  <datafield tag="300" ind1=" " ind2=" ">
    <subfield code="a">54 p. ;</subfield>
    <subfield code="c">18 cm.</subfield>
  </datafield>
  <datafield tag="503" ind1=" " ind2=" ">
    <subfield code="a">Adapted from "How to be happy though married" by Tim LaHaye.</subfield>
  </datafield>
  <datafield tag="504" ind1=" " ind2=" ">
    <subfield code="a">Includes bibliographical references.</subfield>
  </datafield>
  <datafield tag="650" ind1=" " ind2="0">
    <subfield code="a">Marriage</subfield>
    <subfield code="9">2123</subfield>
  </datafield>
  <datafield tag="650" ind1=" " ind2="0">
    <subfield code="a">Husband and wife</subfield>
    <subfield code="9">2125</subfield>
  </datafield>
  <datafield tag="942" ind1=" " ind2=" ">
    <subfield code="2">ddc</subfield>
    <subfield code="c">BK</subfield>
    <subfield code="0">9</subfield>
  </datafield>
  <datafield tag="952" ind1=" " ind2=" ">
    <subfield code="0">0</subfield>
    <subfield code="1">0</subfield>
    <subfield code="2">ddc</subfield>
    <subfield code="4">0</subfield>
    <subfield code="7">0</subfield>
    <subfield code="a">GBC</subfield>
    <subfield code="b">GBC</subfield>
    <subfield code="c">MNMS</subfield>
    <subfield code="d">2018-04-09</subfield>
    <subfield code="l">7</subfield>
    <subfield code="o">248.844 LAH</subfield>
    <subfield code="p">002006</subfield>
    <subfield code="r">2025-05-01 00:00:00</subfield>
    <subfield code="s">2024-09-10</subfield>
    <subfield code="t">c.1</subfield>
    <subfield code="w">2018-04-09</subfield>
    <subfield code="y">BK</subfield>
  </datafield>
  <datafield tag="952" ind1=" " ind2=" ">
    <subfield code="0">0</subfield>
    <subfield code="1">0</subfield>
    <subfield code="2">ddc</subfield>
    <subfield code="4">0</subfield>
    <subfield code="7">0</subfield>
    <subfield code="a">GBC</subfield>
    <subfield code="b">GBC</subfield>
    <subfield code="c">MNMS</subfield>
    <subfield code="d">2018-05-04</subfield>
    <subfield code="l">2</subfield>
    <subfield code="o">248.844 LAH</subfield>
    <subfield code="p">002025</subfield>
    <subfield code="r">2025-05-01 00:00:00</subfield>
    <subfield code="s">2022-07-29</subfield>
    <subfield code="t">c.2</subfield>
    <subfield code="w">2018-05-04</subfield>
    <subfield code="y">BK</subfield>
  </datafield>
</record>
